1491 1229 1442 1451 1302 1978 1164 1737 1139 1363 1015 1976 1918 1385 1062 1230 1824 1755 1016 1467 1220 1182 1492 1253 1012 1576 1523 1502 1432 1388 1311 1046 1078 1400 1007 1413 1311 1614 1515 1433 1483 1554 1562 1446 1945 1487 1452 1390 1335 1625 1658 1571 1633 1772 1051 1675 1215 1541 1285 1770 1822 1485 1790 1805 1667 1467 1467 1293 1222 1247 1270 1809 1151 1262 1337 1666 1287 1433 1026 1201 1667 1017 1706 1234 1376 1202 1404 1132 1361 1992 1426 1858 1808 1791 1529 1527 1661 1330 1856 BCNSPRNW ULIB Ver.6.0+V

เปลี่ยนเป็นภาษาไทย

Change to English
 แสดงรายละเอียดบรรณานุกรม
  กลับหน้าหลัก

Brief Record : Get Marc (ISO 2709) : E-mail record : QR code < ปิดหน้าต่าง
LEADER : 00000nam 2200000uu 4500
001    13399111859
003     ULIB
008    110711s||||||||th 000 0 tha d
020    9748317897
020    9789748317892
050  4 BF698^bศ272ท 2548
100 0  ศรีเรือน แก้วกังวาล
245 10 ทฤษฎีจิตวิทยาบุคลิกภาพ :^bรู้เรา รู้เขา /^cศรีเรือน แก้วกังวาล
246 30 รู้เรา รู้เขา
250    พิมพ์ครั้งที่ 12
260    กรุงเทพฯ :^bหมอชาวบ้าน,^c2548
300    411 (7) หน้า ;^c21 ซม.
504    มีบรรณานุกรมและดัชนี
650  7 การดำเนินชีวิต
650  7 การปรับตัว (จิตวิทยา)
650  7 จิตวิทยา
650  7 บุคลิกภาพ
945    ^p245^l0^i18320
945    ^p245^l0^i18321
945    ^p245^l0^i18355
945    ^p245^l0^i14992
945    ^p245^l0^i13899
945    ^p245^l0^i13919
995    กัณชพร
999    ^aใช้งานได้ทุกระบบ
รายการนี้ยังไม่มีแท็ก
คุณยังไม่ได้ล็อกอิน คุณสามารถมีกิจกรรมร่วมกับเว็บไซต์ได้ แต่ต้องล็อกอินก่อน ::
  ล็อกอิน

รายการสื่อสารสนเทศ

ลำดับที่ ประเภท เลขเรียก/บาร์โค้ด สถานที่ สถานะ
1. การศึกษาทั่วไป
การศึกษาทั่วไป
BF698 ศ272ท 2548 ฉ.5 
  Barcode: 13899
ห้องสมุดวิทยาเขตสวรรค์ประชารักษ์
►นวนิยาย
บนชั้น
  ขอยืม
2. การศึกษาทั่วไป
การศึกษาทั่วไป
BF698 ศ272ท 2548 ฉ.6 
  Barcode: 13919
ห้องสมุดวิทยาเขตสวรรค์ประชารักษ์
►นวนิยาย
บนชั้น
  ขอยืม

รายการใกล้เคียง
    ผู้แต่ง [ศรีเรือน แก้วกังวาล]

    หัวเรื่อง [การดำเนินชีวิต]
    หัวเรื่อง [การปรับตัว (จิตวิทยา)]
    หัวเรื่อง [จิตวิทยา]
    หัวเรื่อง [บุคลิกภาพ]

BibComment


ยังไม่เคยถูกคอมเมนท์

คอมเมนท์ทรัพยากรรายการนี้
  คอมเมนท์: ทฤษฎีจิตวิทยาบุคล..


 Copyright 2026. Bcnsprnw @Library